Magnifences de l'eucharistie, ou, L'eucharistie considérée dans tout son ensemble au point de vue théologique, philosophique, social et moral

Detalles Bibliográficos
Autor principal: Turquais, Pierre Augustine abad
Formato: Libro
Lenguaje:French
Publicado: Paris 1854
Materias:
Colección:Banco de datos
Acervo:Biblioteca de la Congregación del Oratorio de San Felipe Neri de México. Iglesia La Profesa
Descripción Física:X, 371 p., [2] h. 21 cm.
Tema general:Teología moral
Notas:Encuadernación en keratol con lomo en piel. Sello en tinta del Oratorio de San Felipe Neri de México. Biblioteca La Profesa, D.F. Daños de humedad y en la encuadernación
LEADER 01080nam a22001930004500
035 |a 3643 
041 0 |a fre 
100 1 |a Turquais, Pierre Augustine  |c abad 
245 1 0 |a Magnifences de l'eucharistie, ou, L'eucharistie considérée dans tout son ensemble au point de vue théologique, philosophique, social et moral  |c par M. l'abbé P. A. Turquais  
260 |a Paris  |b librairie Catholique de L. F. Hivert ; J. Vermot, successeur  |c 1854 
300 |a X, 371 p., [2] h.  |c 21 cm. 
500 |a Encuadernación en keratol con lomo en piel. Sello en tinta del Oratorio de San Felipe Neri de México. Biblioteca La Profesa, D.F. Daños de humedad y en la encuadernación 
504 |a Catálogo de publicaciones en venta de la casa impresora 
650 1 0 |a Teología moral 
740 0 |a L'eucharistie considérée dans tout son ensemble au point de vue théologique, philosophique, social et moral 
949 |a Iglesia La Profesa, Biblioteca 8005 
942 |c PROFESA 
943 |g Biblioteca de la Congregación del Oratorio de San Felipe Neri de México. Iglesia La Profesa 
999 |c 950454  |d 950454